<?xml version="1.0" encoding="UTF-8"?>
<collection xmlns="http://www.loc.gov/MARC21/slim">
 <record>
  <leader>01588nam a2200205Ia 4500</leader>
  <controlfield tag="001">CTU_216690</controlfield>
  <controlfield tag="008">210402s9999    xx            000 0 und d</controlfield>
  <datafield tag="082" ind1=" " ind2=" ">
   <subfield code="a">639.32</subfield>
  </datafield>
  <datafield tag="082" ind1=" " ind2=" ">
   <subfield code="b">K304</subfield>
  </datafield>
  <datafield tag="100" ind1=" " ind2=" ">
   <subfield code="a">Đặng, Chí Kiệm</subfield>
  </datafield>
  <datafield tag="245" ind1=" " ind2="0">
   <subfield code="a">Nghiên cứu bệnh ký sinh trùng trên cá bóp (Rachycentron canadum LINAEUS, 1766) nuôi lồng/bè vùng biển tỉnh Kiên Giang :</subfield>
  </datafield>
  <datafield tag="245" ind1=" " ind2="0">
   <subfield code="b">Luận văn tốt nghiệp Cao học. Chuyên ngành Nuôi trồng thủy sản</subfield>
  </datafield>
  <datafield tag="245" ind1=" " ind2="0">
   <subfield code="c">Đặng Chí Kiệm ; Từ Thanh Dung (Người hướng dãn)</subfield>
  </datafield>
  <datafield tag="260" ind1=" " ind2=" ">
   <subfield code="a">Cần Thơ</subfield>
  </datafield>
  <datafield tag="260" ind1=" " ind2=" ">
   <subfield code="b">Trường Đại học Cần Thơ</subfield>
  </datafield>
  <datafield tag="260" ind1=" " ind2=" ">
   <subfield code="c">2016</subfield>
  </datafield>
  <datafield tag="520" ind1=" " ind2=" ">
   <subfield code="a">Nghiên cứu nhằm khảo sát tình hình bệnh ký sinh trùng trên cá bóp (Rachycentron canadum) buôi lồng/bè ở 4 đảo (Phú Quốc, Tiên Hải, Hòn Nghệ và Nam Du) vùng biển tỉnh Kiên Giang. Đề tài tiến hành từ tháng 3/2014- 9/2015, phỏng vấn trực tiếp 47 hộ nuôi cá bóp băng phiếu điều tra đã soạn sẵn. Đồng thời, thu được 75 mẫu cá bóp trên 23 lồng, trong đó bao gồm 49 cá giống và 26 cá thương phẩm. Kết quả điều tra xác định có mối tương quan chặt chẽ giữa tỉ lệ cá bóp chết với yếu tố kỹ thuật</subfield>
  </datafield>
  <datafield tag="650" ind1=" " ind2=" ">
   <subfield code="a">Cá biển,Marine fishes</subfield>
  </datafield>
  <datafield tag="904" ind1=" " ind2=" ">
   <subfield code="i">Cúc,Hải</subfield>
  </datafield>
  <datafield tag="980" ind1=" " ind2=" ">
   <subfield code="a">Trung tâm Học liệu Trường Đại học Cần Thơ</subfield>
  </datafield>
 </record>
</collection>
